Kanang : Cerita seorang pahlawan
| Main Author: | |
|---|---|
| Format: | Book |
| Published: |
Kuala Lumpur :
DBP ,
1991
|
MARC
| LEADER | 00000cam a2200000 7i4500 | ||
|---|---|---|---|
| 001 | 0000007507 | ||
| 002 | 000008066 | ||
| 005 | 20000330.0 | ||
| 020 | |a 9836204172 | ||
| 090 | 0 | 0 | |a 923.559522 |b MAZ |
| 100 | 0 | |a Maznan Noordin | |
| 245 | 1 | 0 | |a Kanang : |b Cerita seorang pahlawan |c Maznan Noordin |
| 260 | |a Kuala Lumpur : |b DBP , |c 1991 | ||
| 300 | |a 121p. ; |c 21cm. | ||
| 999 | |a 054987 |b BUKU |c PINJAMAN |e PERPUSTAKAAN KOMUNITI PETALING JAYA | ||
| 999 | |a 054988 |b BUKU |c PINJAMAN |e PERPUSTAKAAN KOMUNITI PETALING JAYA | ||